Представление документа в формате RUSMARC

ПолеНазваниеЗначение
  Тип записи c
  Библиографический уровень m
001 Контрольный номер UONB/NOTY/dd67d10b7d0e49699802490c0f5cc0a9
005 Дата корректировки 20250520122652.8
010 Индекс ISBN __
9 Тираж 2400 экз.
013 Номер (ISMN) __
d Цена 65 к.
071 Издательские номер (звукозапись и ноты) 21
a Номер, присвоенный агентством 13370
100 Данные общей обработки __
a Данные общей обработки 20221015d1986 u##y0rusy0103 ## ca
101 Язык документа 0_
a Язык текста rus
f Язык титульного листа rus
102 Страна публикации __
a Страна публикации ru
125 Кодированные данные звукозаписи и нотных изданий __
a Форма изложения нотного текста d
128 Кодированные данные (звукозаписи-физические характеристики) __
a Кодированные данные: Музыкальная форма и тональность или лад pt
b Инструменты или голоса, необходимые для ансамблей (устаревшее) са
b Инструменты или голоса, необходимые для ансамблей (устаревшее) cb
b Инструменты или голоса, необходимые для ансамблей (устаревшее) cc
200 Заглавие и сведения об ответственности 1_
a Заглавие Произведения для смешанного, женского и мужского хоров
f Первые сведения об ответственности сост. А. Зиновьев
e Сведения, относящиеся к заглавию без сопровожд. и в сопровожд. фп.
203 Вид содержания и тип средства __
a Вид содержания Музыка
b Характеристика содержания знаковая
c Тип средства непосредственная
210 Выходные данные 1_
a Место издания Москва
c Издательство Музыка
d Дата издания 1986
215 Физическое описание __
d Формат 29 см
a Объем 48 с.
225 Серия 1_
a Серия Библиотека хормейстера
v Обозначение тома вып. 51
327 Примечание о содержании 11
a Примечание о содержании Содерж. : Гурьев Ю. Спасибо, Партия, тебе / сл. В. Семернина. - Кажлаев М. Здравствуй, город дорогой! / сл. Н. Алиева. - Иорданский М. Горные вершины / сл. М. Лермонтова (из Гёте). - Кюи Ц. Татарская песня (Дарует небо человеку) / сл. А. Пушкина. - Гречанинов А. В чистом поле дуб стоит / сл. нар. - Жанекен К. Зеленый лес / пер. С. Болотина. - Вебер К. М. Весенняя песня / сл. Ф. Кинда ; пер. С. Болотина. - Зеленая рощица : рус. нар. песня / обраб. С. Прокофьева ; перелож. для хора А. Андрусенко. - На заре то было... : рус. нар. песня / обраб. Н. Кленовского. - Солнечная Грузия : груз. нар. песня / обраб. С. Цинцадзе ; пер. В. Хмаладзе. - Сел наш Цуцул на землю : македон. шуточная нар. песня / обраб. Ж. Фирфова ; перелож. для хора А. Зиновьева ; пер. А. Годова.
464 Аналитический уровень _0
1 700 1
a Гурьев
b Ю.
1 702 1
a Семернин
b В.
4 520
1 2001
a Спасибо, Партия, тебе
1 036
t Спасибо, Партия, тебе...
464 Аналитический уровень _0
1 700 1
a Кажлаев
b М.
1 702 1
a Алиев
b Н.
4 520
1 2001
a Здравствуй, город дорогой!
1 036
t От кавказских вершин и алтайских долин...
464 Аналитический уровень _0
1 700 1
a Иорданский
b М.
1 702 1
a Лермонтов
b М.
4 520
1 702 1
a Гете
4 060
1 2001
a Горные вершины
1 036
t Горные вершины спят во тьме ночной...
464 Аналитический уровень _0
1 700 1
a Кюи
b Ц.
1 702 1
a Пушкин
b А.
4 520
1 2001
a Татарская песня
1 036
t Дарует небо человеку замену слез и частых бед...
1 5171
a Дарует небо человеку...
464 Аналитический уровень _0
1 700 1
a Гречанинов
b А.
1 702 1
a Слова народные
4 520
1 2001
a В чистом поле дуб стоит
1 036
t В чистом поле дуб стоит...
464 Аналитический уровень _0
1 700 1
a Жанекен
b К.
1 702 1
a Болотин
b С.
4 730
1 2001
a Зеленый лес
1 036
t Я пойду в зеленый лес...
464 Аналитический уровень _0
1 700 1
a Вебер
b К. М.
1 702 1
a Кинд
b Ф.
4 520
1 702 1
a Болотин
b С.
4 730
1 2001
a Весенняя песня
1 036
t Над лугами, над долиной...
464 Аналитический уровень _0
1 702 1
a Прокофьев
b С.
4 030
1 702 1
a Андрусенко
b А.
4 030
1 2001
a Зеленая рощица
e рус. нар. песня
1 036
t Зеленая рощица, что ж ты не цветешь?..
464 Аналитический уровень _0
1 702 1
a Кленовский
b Н.
4 030
1 2001
a На заре то было...
e рус. нар. песня
1 036
t На заре было, на зореньке...
464 Аналитический уровень _0
1 702 1
a Цинцадзе
b С.
4 030
1 702 1
a Хмаладзе
b В.
4 730
1 2001
a Солнечная Грузия
e груз. нар. песня
1 036
t Как сегодня наша песнь и могуча и звучна!..
464 Аналитический уровень _0
1 702 1
a Фирфов
b Ж.
4 030
1 702 1
a Зиновьев
b А.
4 030
1 702 1
a Годов
b А.
4 730
1 2001
a Сел наш Цуцул на землю
e македон. шуточная нар. песня
1 036
t Сел наш Цуцул на землю...
512 Заглавие обложки 1_
a Заглавие обложки Библиотека хормейстера
517 Другие варианты заглавия 1_
a Другие варианты заглавия Произведения для смешанного, женского и мужского хоров
606 Тематические рубрики 0_
a Основная рубрика Хоры разных составов
x Основная подрубрика Хоровое пение
x Основная подрубрика Смешанные хоры
x Основная подрубрика Женские хоры
x Основная подрубрика Мужские хоры
x Основная подрубрика Произведения
x Основная подрубрика Народные песни
610 Ключевые слова 0_
a Ключевые слова хоры разных составов; хоровое пение; смешанные хоры; женские хоры; мужские хоры; произведения; народные песни
686 Индексы других классификаций __
a Классификационный индекс 85.941.0я43
2 Код системы rubbk
702 Вторичная интеллектуальная ответственность _1
a Фамилия Зиновьев
b Имя (инициалы) А. В.
g Полное личное имя Андрей Вячеславович
4 Код отношения 220
801 Источник записи _0
a Страна RU
b Организация Ульяновская ОНБ
c Дата составления 20221015
g Правила каталогизации PSBO
801 Источник записи _1
a Страна RU
b Организация Ульяновская ОНБ
c Дата составления 20221015
901 Тип документа __
t Тип документа m
909 Создатель записи __
a Создатель записи Грязнова И. Е.